[Event "Orel2"]
[Site "Orel"]
[Date "1994.??.??"]
[Round "4"]
[White "Anapolsky, Sergey"]
[Black "Lunev, A."]
[Result "1/2-1/2"]
[WhiteElo "2455"]
[BlackElo "2430"]

1.d4 d5 2.c4 c6 3.Nc3 Nf6 4.e3 e6 5.Nf3 Nbd7 6.Qc2 Bd6 7.g4 dxc4 8.Bxc4 Qe7
9.g5 Nd5 10.Ne4 Bb4+ 11.Bd2 Bxd2+ 12.Qxd2 b6 13.Rg1 Bb7 14.Rc1 O-O-O 15.Bb5 Kc7
16.a3 Rc8 17.Ne5 Nxe5 18.dxe5 Kb8 19.Bc4 Rcd8 20.Nd6 Ba8 21.f4 f6 22.Bxd5 exd5
23.Nf5 Qd7 24.e6 Qxe6 25.Nxg7 Qf7 26.gxf6 c5 27.b4 Qxf6 28.bxc5 Rhg8 29.c6 Bxc6
30.Qd4 Qh4+ 31.Ke2 Bb5+ 32.Kf3 Qxh2 33.Rg2 Qh3+ 34.Rg3 Qh2 35.Qe5+ Ka8 36.Rg2 Qh4
37.Qe6 Bc4 38.Rxc4 dxc4 39.Qe4+ Kb8 40.Qe5+  1/2-1/2

[Event "Orel2"]
[Site "Orel"]
[Date "1994.??.??"]
[Round "7"]
[White "Iskusnyh, Sergei"]
[Black "Savon, Vladimir A"]
[Result "1/2-1/2"]
[WhiteElo "2450"]
[BlackElo "2425"]

1.d4 d5 2.c4 c6 3.Nc3 Nf6 4.e3 e6 5.Nf3 Nbd7 6.Qc2 Be7 7.b3 O-O 8.Be2 b6
9.O-O Bb7 10.Bb2 Qc7 11.Rac1 Rac8 12.Rfd1 Rfe8 13.Bd3 h6 14.Qe2 Qb8 15.Bb1 Rcd8
16.e4 dxe4 17.Nxe4 c5 18.Ng3 Qa8 19.dxc5 Nxc5  1/2-1/2

[Event "Orel"]
[Site "Orel"]
[Date "1994.??.??"]
[Round "7"]
[White "Pushkov, Nikolai"]
[Black "Neverov, Valeriy"]
[Result "1-0"]
[WhiteElo "2510"]
[BlackElo "2530"]

1.d4 d5 2.c4 e6 3.Nc3 c6 4.e3 Nf6 5.Nf3 Nbd7 6.Qc2 Bd6 7.Be2 O-O 8.O-O Re8
9.b3 b6 10.e4 Nxe4 11.Nxe4 dxe4 12.Qxe4 Bb7 13.Bf4 Bxf4 14.Qxf4 c5 15.Rad1 cxd4
16.Qxd4 Nc5 17.Qf4 Qe7 18.Ne5 f6 19.Nd3 e5 20.Qe3 Rad8 21.Nb4 Ne6 22.Nc2 Qf7
23.Bf3 Rxd1 24.Rxd1 e4 25.Be2 f5 26.Rd6 f4 27.Qd2 Qg6 28.Bf1 Qg5 29.b4 Kh8
30.Rd7 Bc6 31.Rxa7 e3 32.fxe3 h5 33.e4 Bxe4 34.Ne1 h4 35.Qf2 f3 36.Nxf3 Bxf3
37.Qxf3 Nd4 38.Qf2 Nf5 39.Rf7 Re5 40.Qxb6 Kh7 41.Qf2 Kg8 42.Rd7 Re4 43.Qd2 Rf4
44.Rd8+ Kh7 45.Bd3  1-0

[Event "Orel"]
[Site "Orel"]
[Date "1994.??.??"]
[Round "8"]
[White "Neverov, Valeriy"]
[Black "Mukhametov, Eldar"]
[Result "1/2-1/2"]
[WhiteElo "2530"]
[BlackElo "2390"]

1.d4 d5 2.c4 c6 3.Nc3 Nf6 4.e3 e6 5.Nf3 Nbd7 6.Be2 dxc4 7.a4 Be7 8.O-O O-O
9.Bxc4 c5 10.Qe2 cxd4 11.exd4 Nb6 12.Bb3 Bd7 13.Ne5 Bc6 14.Rd1 Nbd5 15.Rd3 Qb6
16.Bc4 Nxc3 17.bxc3 Bd5 18.Bg5 Bxc4 19.Nxc4 Qc7 20.Ne3 Rfe8 21.c4 h6 22.Bh4 Ne4
23.Bxe7 Rxe7 24.Qf3 Nf6 25.d5 Rd8 26.Rad1 Red7 27.h4 b6 28.Ng4 Nxg4 29.Qxg4 exd5
30.cxd5 Rd6 31.Rd4 a6  1/2-1/2

[Event "Orel"]
[Site "Orel"]
[Date "1994.??.??"]
[Round "9"]
[White "Legky, Nikolay A"]
[Black "Yagupov, Igor"]
[Result "1/2-1/2"]
[WhiteElo "2525"]
[BlackElo "2430"]

1.d4 d5 2.c4 c6 3.Nf3 Nf6 4.Nc3 e6 5.e3 Nbd7 6.Qc2 Bd6 7.Be2 O-O 8.O-O Re8
9.Rd1 Qe7 10.c5 Bc7 11.e4 Nxe4 12.Nxe4 dxe4 13.Qxe4 e5 14.Bg5 Qf8 15.Bd3 g6
16.Re1 h6 17.Bc4 Kg7 18.Bd2 Nf6 19.Qh4 Ng8 20.Qg3 Ne7 21.Nxe5 Nf5 22.Nxg6 Rxe1+
23.Rxe1 Qd8 24.Qc3 Kxg6 25.g4 Qh4 26.Qf3 Qxh2+ 27.Kf1 Ng3+ 28.fxg3 Qh3+ 29.Kg1 Qxg3+
30.Qxg3 Bxg3 31.Re8 Rb8 32.Rg8+ Kh7 33.Bxf7 Bd7 34.Rxb8 Bxb8 35.Bh5 Be6 36.a3 Bc7
37.Kf2 Bd8 38.Bf4 Bg5 39.Ke3 Kg7 40.Ke4 Kf6 41.Be5+ Ke7 42.Kd3 Bc1 43.Kc2 Be3
44.Kc3 Bc1 45.Bb8 a6 46.Be5 Be3 47.Kb4 Bd2+ 48.Ka4 Kd7 49.Bg7 Kc8 50.Bf6 Kd7
51.Be5 Kc8  1/2-1/2

[Event "Oslo op"]
[Site "Oslo"]
[Date "1994.??.??"]
[Round "3"]
[White "Johansen, Oivind"]
[Black "Ofstad, Per"]
[Result "1-0"]
[WhiteElo "2310"]
[BlackElo "2225"]

1.d4 d5 2.c4 c6 3.Nf3 Nf6 4.Nc3 e6 5.e3 Nbd7 6.Qc2 Bd6 7.Bd2 O-O 8.Bd3 h6
9.O-O Re8 10.Rfe1 e5 11.cxd5 cxd5 12.Nb5 Bb8 13.dxe5 Ng4 14.Nd6 Ndxe5 15.Bh7+ Kf8
16.Nxc8 Nxf3+ 17.gxf3 Bxh2+ 18.Kg2 Rxc8 19.Qb3 Nf6 20.Bf5 Re5 21.Bxc8 Qxc8
22.Rh1 Rg5+ 23.Kf1 Qh3+ 24.Ke2 Rg2 25.Qxb7 Kg8 26.Rac1 Kh7 27.Qxf7 Qf5 28.Rhf1 Bg3
29.Qxa7 Qh5 30.Qd4 Ne4 31.Be1 Be5 32.Qd3 Bxb2 33.Rc5  1-0

[Event "Oslo op"]
[Site "Oslo"]
[Date "1994.??.??"]
[Round "5"]
[White "Djurhuus, Rune"]
[Black "Ofstad, Per"]
[Result "1-0"]
[WhiteElo "2460"]
[BlackElo "2225"]

1.d4 d5 2.c4 c6 3.Nc3 Nf6 4.e3 e6 5.Nf3 Nbd7 6.Qc2 Bd6 7.g4 h6 8.Bd2 Qe7
9.cxd5 exd5 10.Bd3 Nb6 11.h3 Be6 12.O-O-O Rc8 13.Kb1 Nbd7 14.g5 hxg5 15.Nxg5 Rh4
16.f4 Nb6 17.f5 Bd7 18.e4 dxe4 19.Ngxe4 Bf4 20.Rde1 Kf8 21.Nxf6 Qxf6 22.Ne4 Qh6
23.Bb4+ Kg8 24.Be7 f6 25.Rhg1 Rxh3 26.Bxf6 Bg3 27.Bg5 Qh5 28.Be2 Qh7 29.Nxg3 Nd5
30.Bg4  1-0

[Event "Oslo op"]
[Site "Oslo"]
[Date "1994.??.??"]
[Round "7"]
[White "Hansen, Gunnar West"]
[Black "Serper, Grigory"]
[Result "1/2-1/2"]
[WhiteElo "2060"]
[BlackElo "2560"]

1.Nf3 d5 2.d4 Nf6 3.c4 c6 4.Nc3 e6 5.e3 Nbd7 6.Bd3 dxc4 7.Bxc4 b5 8.Bd3 a6
9.e4 c5 10.d5 c4 11.dxe6 fxe6 12.Bc2 Qc7 13.O-O Bb7 14.Ng5 Nc5 15.e5 Qxe5
16.Re1 Qd6 17.Qxd6 Bxd6 18.Be3 O-O 19.Rad1 Be7 20.Bxc5 Bxc5 21.Nxe6 Rfc8
22.h3 Bf8  1/2-1/2

[Event "Osterskan op"]
[Site "Osterskan"]
[Date "1994.??.??"]
[Round "?"]
[White "Agrest, Evgenij"]
[Black "Hector, Jonny"]
[Result "1-0"]
[WhiteElo "2475"]
[BlackElo "2530"]

1.d4 d5 2.c4 c6 3.Nc3 Nf6 4.e3 e6 5.Nf3 Nbd7 6.Be2 Bd6 7.O-O O-O 8.Qc2 e5
9.cxd5 cxd5 10.dxe5 Nxe5 11.Qb3 Nc6 12.Rd1 Kh8 13.Bd2 a6 14.Be1 Be6 15.Ng5 Qc7
16.g3 Bc5 17.Rac1 Ba7 18.Na4 Rad8 19.Bb4 Rfe8 20.Bc5 Bxc5 21.Nxe6 fxe6 22.Nxc5 Rb8
23.Qa4 Rbc8 24.Bf1 Nd7 25.Nd3 Qd6 26.Bg2 Nce5 27.Nxe5 Nxe5 28.Qd4 Nc6 29.Qb6 Rc7
30.Rc5 Rf7 31.e4 Ref8 32.f4 g5 33.f5 Qe5 34.fxe6 Rf2 35.Rcxd5 Qxe6 36.Qxf2 Rxf2
37.Kxf2 Qf6+ 38.Kg1 Qxb2 39.Rxg5 Qxa2 40.Kh1 Qe2 41.Rf1 h6 42.Rd5 Kg7 43.h3 a5
44.Rd7+ Kg6 45.Rfd1 Kf6 46.h4 a4 47.R1d6+ Ke5 48.Rd5+ Kf6 49.R5d6+ Ke5 50.Rxh6 Nb4
51.Rg6 Qe1+ 52.Kh2 Qe2 53.Rg5+ Ke6 54.Rxb7 Qc4 55.Bh3+ Kd6 56.Rd7+ Kc6 57.Rg6+ Kb5
58.Rb7+  1-0

[Event "Ostrava"]
[Site "Ostrava"]
[Date "1994.??.??"]
[Round "6"]
[White "Stohl, Igor"]
[Black "Novikov, Igor A"]
[Result "1/2-1/2"]
[WhiteElo "2560"]
[BlackElo "2565"]

1.c4 e6 2.Nc3 d5 3.d4 c6 4.e3 Nf6 5.Nf3 Nbd7 6.Bd3 dxc4 7.Bxc4 b5 8.Bd3 Bb7
9.O-O b4 10.Ne4 Be7 11.Nxf6+ Nxf6 12.e4 O-O 13.Qe2 c5 14.dxc5 Nd7 15.c6 Bxc6
16.Be3 Bb7 17.Rac1 Qa5 18.Bb5 Rad8 19.Nd4 Bf6 20.f3 a6 21.Bc4 Nc5 22.Rfd1  1/2-1/2

[Event "HUN-ch U14"]
[Site "Paks"]
[Date "1994.??.??"]
[Round "2"]
[White "Deak, Ferenc"]
[Black "Szabo, Sandor"]
[Result "1-0"]
[WhiteElo "2015"]
[BlackElo "2110"]

1.d4 d5 2.c4 c6 3.Nf3 Nf6 4.Nc3 e6 5.e3 Nbd7 6.Be2 Bd6 7.O-O O-O 8.b3 Re8
9.Re1 b6 10.Bb2 Bb7 11.Rc1 Qe7 12.Nd2 Rad8 13.Nf1 dxc4 14.bxc4 c5 15.Bf3 Nf8
16.Rb1 Bb8 17.Ba3 Qc7 18.Bxb7 Qxb7 19.Bxc5 Qc6 20.Bxf8 Rxf8 21.Qe2 Rc8 22.Nd2 Qd6
23.g3 Rfd8 24.Rec1 g6 25.Qf3 Qe7 26.Nce4 Ne8 27.Qe2 f5 28.Nc3 e5 29.d5 Nd6
30.e4 Rf8 31.Nd1 f4 32.Nb2 Rf7 33.Nd3 Nb7 34.gxf4 exf4 35.e5 Re8 36.Nf3 g5
37.Nd4 Na5 38.e6 Rf6 39.Ne5 Qg7 40.Nd7 Rg6 41.Nf5 Qh8 42.Nxb8 Rxb8 43.Ne7+  1-0

[Event "Pardubice op"]
[Site "Pardubice"]
[Date "1994.??.??"]
[Round "2"]
[White "Krasenkow, Michal"]
[Black "Buturin, Vladimir"]
[Result "1/2-1/2"]
[WhiteElo "2595"]
[BlackElo "2400"]

1.d4 d5 2.c4 c6 3.Nc3 Nf6 4.e3 e6 5.Nf3 Bd6 6.Qc2 Nbd7 7.g4 dxc4 8.Bxc4 Nd5
9.Ne4 Be7 10.Bd2 b6 11.O-O-O Bb7 12.Kb1 Rc8 13.Ne5 O-O 14.h4 c5 15.Nxd7 Qxd7
16.dxc5 Qc6 17.Ng5 g6 18.Nxh7 Rfd8 19.Ng5 Qxc5 20.b3 Nb4 21.Bxb4 Qxb4 22.Nxf7 Rxd1+
23.Rxd1 Kxf7 24.h5 gxh5 25.Qh7+ Kf8 26.Qh6+ Ke8 27.Qxh5+ Kf8 28.Qh6+ Ke8
29.Qxe6 Rxc4 30.Qg8+ Bf8 31.Qg6+ Ke7 32.Qh7+ Kf6 33.g5+ Kxg5 34.Qxb7 Rc5
35.f4+ Kf6 36.e4 Be7 37.Rh1 Qc3 38.e5+ Ke6 39.f5+ Kxf5 40.Qd7+ Ke4 41.Qxe7 Qc2+
42.Ka1 Qc3+ 43.Kb1 Qc2+ 44.Ka1  1/2-1/2

[Event "Pardubice"]
[Site "Pardubice"]
[Date "1994.??.??"]
[Round "3"]
[White "Sokolov, Ivan"]
[Black "Khalifman, Alexander"]
[Result "1-0"]
[WhiteElo "2625"]
[BlackElo "2645"]

1.d4 d5 2.c4 c6 3.Nc3 Nf6 4.e3 e6 5.Nf3 Nbd7 6.Qc2 Be7 7.b3 b6 8.Bd3 Bb7
9.O-O O-O 10.Bb2 Rc8 11.Rad1 c5 12.cxd5 exd5 13.dxc5 bxc5 14.Bf5 g6 15.Bh3 a6
16.Ne2 Rc7 17.Qc3 Nb6 18.Qa5 Nbd7 19.Nf4 d4 20.exd4 Bxf3 21.gxf3 c4 22.bxc4 Rxc4
23.Qxa6 Rc2 24.Bc1 Qa8 25.Qxa8 Rxa8 26.Be3 Raxa2 27.Rb1 Rab2 28.Nd3 Rxb1
29.Rxb1 Rc7 30.Rb5 Kg7 31.Kg2 Ne8 32.Nc5 Ndf6 33.Rb8 Bd6 34.Ra8 Re7 35.Bg5 Re1
36.Ne4 Bb4 37.Rb8 Ba3 38.Bf4 Nd5 39.Be5+ f6 40.Bg3 Kf7 41.Bd7 Nec7 42.Rb7 Rc1
43.Ba4 g5 44.Bxc7  1-0

[Event "Pardubice op"]
[Site "Pardubice"]
[Date "1994.??.??"]
[Round "3"]
[White "Ryskin, Alexander"]
[Black "Bashkov, Viacheslav"]
[Result "1-0"]
[WhiteElo "2515"]
[BlackElo "2420"]

1.d4 d5 2.c4 e6 3.Nc3 c6 4.e3 Nf6 5.Nf3 Nbd7 6.Bd3 dxc4 7.Bxc4 b5 8.Be2 Bb7
9.O-O Be7 10.e4 b4 11.e5 bxc3 12.exf6 Nxf6 13.bxc3 O-O 14.Rb1 Qc8 15.Qb3 Ba6
16.Bxa6 Qxa6 17.Ne5 Bd6 18.Qc4 Qxc4 19.Nxc4 Bc7 20.Rb7 Nd5 21.Bd2 Rfb8 22.Rfb1 Rxb7
23.Rxb7 Rb8 24.Rxb8+ Bxb8 25.Na5 Ne7 26.c4 Bd6 27.Kf1 Kf8 28.Nb7 Bc7 29.Bb4 Bb6
30.Bd6 Bxd4 31.Na5 Bf6 32.Nxc6 a6 33.Nb8 Ke8 34.Nxa6 Kd7 35.Ba3 Nf5 36.Nc5+ Kc6
37.Ne4 Bd8 38.Bb2 f6 39.Ke2 e5 40.Bc3 Bb6 41.g4 Nh4 42.Bb4 Ng2 43.Bd2 Bd8
44.a4 Nh4 45.a5 Ng6 46.a6 Bb6 47.Be3 Bxe3 48.Kxe3 Kb6 49.Nd6 Kxa6 50.Ne8 Kb6
51.Nxg7 Ne7 52.Ke4 Kc5 53.Nh5 Ng8 54.Kd3 Kd6 55.Ng3 Ne7 56.Nf5+ Nxf5 57.gxf5 Kc5
58.Kc3 e4 59.Kb3 Kd4 60.Kb4 Ke5 61.Kc5 h5 62.Kb6  1-0

[Event "Pardubice op"]
[Site "Pardubice"]
[Date "1994.??.??"]
[Round "4"]
[White "Levin, Felix"]
[Black "Volodin, Viktor"]
[Result "1-0"]
[WhiteElo "2480"]
[BlackElo "2365"]

1.d4 d5 2.c4 e6 3.Nc3 c6 4.Nf3 Nf6 5.e3 Nbd7 6.Bd3 dxc4 7.Bxc4 b5 8.Bd3 Bb7
9.a3 b4 10.Ne4 Qb6 11.Nxf6+ Nxf6 12.O-O Be7 13.axb4 Bxb4 14.Bd2 c5 15.dxc5 Bxc5
16.Ba5 Qd6 17.Qa4+ Ke7 18.Rfd1 Qb8 19.Bb4 Rc8 20.Bxc5+ Rxc5 21.Qb4 Nd7 22.Bxh7 Bxf3
23.Rxd7+ Kxd7 24.Qxc5 Bd5 25.Bd3 a6 26.Bxa6  1-0

[Event "Pardubice op"]
[Site "Pardubice"]
[Date "1994.??.??"]
[Round "4"]
[White "Panchenko, Alexander N"]
[Black "Vavra, Pavel"]
[Result "1/2-1/2"]
[WhiteElo "2475"]
[BlackElo "2380"]

1.Nf3 d5 2.e3 Nf6 3.c4 c6 4.Nc3 e6 5.d4 Nbd7 6.Bd3 dxc4 7.Bxc4 b5 8.Be2 Bb7
9.O-O Be7 10.e4 b4 11.e5 bxc3 12.exf6 Nxf6 13.bxc3 O-O 14.Rb1 Qc7 15.Bf4 Qxf4
16.Rxb7 Nd5 17.c4 Nc3 18.Qc2 Nxe2+ 19.Qxe2 Bf6 20.Qe3 Qf5 21.h3 Qc2 22.Qb3 Qxb3
23.axb3 a5 24.Ne5 Bxe5 25.dxe5 a4 26.Ra1 axb3 27.Rxa8 Rxa8 28.Rxb3 h5  1/2-1/2

[Event "Pardubice"]
[Site "Pardubice"]
[Date "1994.??.??"]
[Round "4"]
[White "Ftacnik, Lubomir"]
[Black "Khalifman, Alexander"]
[Result "1-0"]
[WhiteElo "2570"]
[BlackElo "2645"]

1.d4 d5 2.c4 c6 3.Nc3 Nf6 4.Nf3 e6 5.e3 Nbd7 6.Qc2 Bd6 7.Be2 O-O 8.O-O b6
9.e4 Nxe4 10.Nxe4 dxe4 11.Qxe4 Bb7 12.Rd1 Qe7 13.Bf4 Rfd8 14.Bxd6 Qxd6 15.Rd2 Nf6
16.Qc2 c5 17.Rad1 Qc7 18.dxc5 bxc5 19.Qc3 Rxd2 20.Qxd2 Rc8 21.Qd6 Qxd6 22.Rxd6 Kf8
23.Ne5 Ke7 24.Rd3 Rc7 25.Ra3 Be4 26.f3 Bb1 27.Ra6 Ke8 28.Bd1 Kf8 29.Ba4 Ng8
30.a3 Ne7 31.Ra5 Nf5 32.Rxc5 Rxc5 33.Nd7+ Ke7 34.Nxc5 Ba2 35.b3 Ne3 36.Ne4 Bb1
37.Kf2 Nc2 38.Ke2 Nxa3 39.Kd2 f5 40.Nf2 e5 41.Kc3 e4 42.fxe4 fxe4 43.Ng4 Nc2
44.b4 Ne1 45.Ne3 Nd3 46.Bc6 Nf4 47.Nd5+ Kd6 48.Nxf4 Kxc6 49.Kd4 a6 50.g3 Ba2
51.Nd5 Kb7 52.Ne3 Bb1 53.Nf5 e3 54.Nxe3 Kc6 55.g4 Kc7 56.Ke5 Kd7 57.Nf5 Bd3
58.Kd4 Be2 59.g5 h6 60.gxh6 gxh6 61.Nxh6 Ke6 62.Kc5  1-0

[Event "Pardubice op"]
[Site "Pardubice"]
[Date "1994.??.??"]
[Round "5"]
[White "Kempinski, Robert"]
[Black "Bednarski, Jacek B"]
[Result "1-0"]
[WhiteElo "2385"]
[BlackElo "2290"]

1.Nf3 d5 2.d4 Nf6 3.c4 e6 4.Nc3 c6 5.e3 Nbd7 6.Qc2 Bd6 7.g4 h6 8.Bd2 a6 9.a4 e5
10.O-O-O e4 11.g5 Ng4 12.cxd5 cxd5 13.Nxe4 Be7 14.Nc3 Nxf2 15.Nxd5 Kf8 16.Bb4 Bxb4
17.Qxf2 Bd6 18.g6 Nf6 19.Ne5 Be6 20.Nc3 Rc8 21.gxf7 Bxf7 22.Nxf7 Kxf7 23.Kb1 Qe7
24.Bg2 Ke8 25.e4 Ng4 26.Qe2  1-0

[Event "Pardubice"]
[Site "Pardubice"]
[Date "1994.??.??"]
[Round "6"]
[White "Georgiev, Kiril"]
[Black "Khalifman, Alexander"]
[Result "1-0"]
[WhiteElo "2615"]
[BlackElo "2645"]

1.c4 c6 2.d4 d5 3.Nc3 Nf6 4.Nf3 e6 5.e3 Nbd7 6.Qc2 Bd6 7.Bd2 O-O 8.Bd3 Qe7
9.O-O e5 10.cxd5 cxd5 11.e4 exd4 12.Nxd5 Nxd5 13.exd5 Ne5 14.Nxe5 Qxe5 15.Bxh7+ Kh8
16.f4 Qxd5 17.Be4 Qh5 18.Qd3 Bg4 19.Rae1 Rae8 20.h3 Bc8 21.Kh1 Rd8 22.Rc1 Rfe8
23.Rfe1 Qh4 24.Qf3 b6 25.Bd3 Rxe1+ 26.Rxe1 Bd7 27.Kg1 Kg8 28.Re2 a5 29.Kf1 Qf6
30.g4 Bc5 31.g5 Qc6 32.Qxc6 Bxc6 33.f5 Kf8 34.h4 Re8 35.h5 Rxe2 36.Kxe2 Bd5
37.f6 gxf6 38.gxf6 Kg8 39.Bh6 b5 40.b3 Be6 41.Kf3 Bd5+ 42.Kf2 b4 43.Bg7 Bf8
44.h6 Bxg7 45.hxg7 Bc6 46.Kg3 a4 47.Kf4 axb3 48.axb3  1-0

[Event "Pardubice op"]
[Site "Pardubice"]
[Date "1994.??.??"]
[Round "8"]
[White "Maksimenko, Andrei"]
[Black "Abbink, Michel"]
[Result "1-0"]
[WhiteElo "2525"]
[BlackElo "2330"]

1.d4 d5 2.c4 c6 3.Nc3 e6 4.e3 Nf6 5.Nf3 Nbd7 6.Bd3 dxc4 7.Bxc4 b5 8.Bd3 Bb7
9.O-O b4 10.Ne4 Be7 11.Nxf6+ Nxf6 12.e4 c5 13.Bb5+ Kf8 14.e5 Nd5 15.dxc5 Bxc5
16.Ng5 h6 17.Ne4 Be7 18.a3 Qb6 19.Qe2 a5 20.Rd1 g6 21.axb4 axb4 22.Rxa8+ Bxa8
23.Bc4 Kg7 24.Bxd5 exd5 25.Be3 Qc6 26.Rc1 Qe6 27.Nc5 Bxc5 28.Bxc5 d4 29.Bxb4 Qd5
30.f3 Rb8 31.Bd2 Qb5 32.Qe1 Re8 33.Qh4 g5 34.Qxd4 Re6 35.Rc8  1-0

[Event "Pardubice op"]
[Site "Pardubice"]
[Date "1994.??.??"]
[Round "9"]
[White "Donchev, Dimitar I"]
[Black "Bashkov, Viacheslav"]
[Result "0-1"]
[WhiteElo "2485"]
[BlackElo "2420"]

1.Nf3 Nf6 2.d4 d5 3.c4 e6 4.Nc3 c6 5.e3 Nbd7 6.Bd3 dxc4 7.Bxc4 b5 8.Bd3 a6
9.e4 c5 10.d5 c4 11.dxe6 cxd3 12.exd7+ Qxd7 13.O-O Bb7 14.Re1 Be7 15.e5 Nd5
16.Ne4 O-O 17.Qxd3 Qg4 18.a3 Rad8 19.h3 Qg6 20.Qb1 f5 21.exf6 Nxf6 22.Neg5 Ne4
23.Ne5 Qf5 24.Nxe4 Qxe5 25.Bd2 Qf5 26.Bc3 Bc5 27.Re2 Qg6 28.g4 Rxf2 29.Nxc5 Qc6
30.Qa2+ Kh8 31.Bxg7+ Kxg7 32.Re7+ Kf8 33.Kxf2 Qg2+ 34.Ke1 Qg3+ 35.Ke2 Bf3+
36.Ke3 Bxg4+ 37.Ke4 Qf3+ 38.Ke5 Qf5+  0-1

[Event "Paris APSAP"]
[Site "Paris"]
[Date "1994.??.??"]
[Round "1"]
[White "Vareille, Francois"]
[Black "Relange, Eloi"]
[Result "1/2-1/2"]
[WhiteElo "2430"]
[BlackElo "2445"]

1.d4 d5 2.c4 e6 3.Nc3 c6 4.e3 Nf6 5.Nf3 Nbd7 6.Qc2 Bd6 7.b3 O-O 8.Be2 b6
9.O-O Bb7 10.e4 dxe4 11.Nxe4 Nxe4 12.Qxe4 Nf6 13.Qc2 c5 14.dxc5 bxc5 15.Bb2 Qc7
16.h3 Rad8 17.Rad1 Bxf3 18.Bxf3 Be5 19.Bxe5 Qxe5 20.Rfe1 Qc7 21.Qc3 a5 22.Rxd8 Rxd8
23.Rd1 Rxd1+ 24.Bxd1 Nd7 25.Qf3 g6 26.Qa8+ Kg7 27.Bf3 Qb6 28.g3 Qb4 29.Kg2 Ne5
30.Qd8 Qc3 31.Be4 Qe1 32.Bf3 Qc3 33.Be4 Qe1 34.Bf3 Qc3  1/2-1/2

[Event "Paris"]
[Site "Paris"]
[Date "1994.??.??"]
[Round "2"]
[White "Relange, Eloi"]
[Black "Lamoureux, Charles"]
[Result "1-0"]
[WhiteElo "2420"]
[BlackElo "2425"]

1.d4 Nf6 2.c4 e6 3.Nc3 d5 4.Nf3 c6 5.e3 Nbd7 6.Bd3 dxc4 7.Bxc4 b5 8.Bd3 b4
9.Na4 Bb7 10.O-O c5 11.dxc5 a6 12.a3 bxa3 13.b4 a5 14.Bxa3 axb4 15.Bxb4 Nd5
16.Bb5 f6 17.Ba3 Ba6 18.Bxa6 Rxa6 19.Nd4 Qa8 20.Bb2 Kf7 21.e4 Nb4 22.Nxe6 Rxe6
23.Qxd7+ Be7 24.f3 Rd8 25.Qb5 Nc2 26.Rac1 Nd4 27.Qc4 Nc6 28.f4 Na5 29.Qa2  1-0

[Event "Paris"]
[Site "Paris"]
[Date "1994.??.??"]
[Round "3"]
[White "Chabanon, Jean Luc"]
[Black "Relange, Eloi"]
[Result "1-0"]
[WhiteElo "2415"]
[BlackElo "2420"]

1.d4 d5 2.c4 c6 3.Nc3 e6 4.e3 Nf6 5.Nf3 Nbd7 6.Qc2 Bd6 7.g4 h6 8.h3 e5 9.cxd5 cxd5
10.dxe5 Nxe5 11.Nxe5 Bxe5 12.Bg2 O-O 13.Bd2 Be6 14.f4 Bxc3 15.Bxc3 Ne4 16.O-O f5
17.Bxe4 dxe4 18.Qg2 Qe7 19.Qg3 Qf7 20.Rf2 Rad8 21.Rg2 Rd7 22.g5 Qg6 23.gxh6 Qxh6
24.Kh2 Rff7 25.b3 b6 26.Rag1 Rc7 27.Be5 Rcd7 28.Qe1 Kh7 29.Rg5 Bd5 30.Qg3 Bb7
31.Rg2 Kg8 32.Rg6 Qh7 33.Qg5  1-0

[Event "Passau op"]
[Site "Passau"]
[Date "1994.??.??"]
[Round "?"]
[White "Trichkov, Vasil"]
[Black "Balzar, Andreas"]
[Result "1-0"]
[WhiteElo "2415"]
[BlackElo "2330"]

1.d4 d5 2.Nf3 Nf6 3.c4 c6 4.Nc3 e6 5.e3 Nbd7 6.Bd3 dxc4 7.Bxc4 b5 8.Bd3 a6
9.e4 c5 10.e5 cxd4 11.Nxb5 axb5 12.exf6 gxf6 13.O-O Qb6 14.Bf4 Bg7 15.Be4 Bb7
16.Bxb7 Qxb7 17.Nxd4 O-O 18.Qe2 Ra4 19.Be3 f5 20.Rad1 Rxa2 21.Bc1 Nc5 22.Rfe1 Ra4
23.Nxb5 Nb3 24.Be3 Rb4 25.Nc3 f4 26.Bc1 Nxc1 27.Rxc1 Rxb2 28.Qg4 Qb4 29.Ne2 Qb6
30.Qxf4 e5 31.Qf5 Qg6 32.Ng3 Rd8 33.h4 f6 34.Rc7 Rb6 35.h5 Qxf5 36.Nxf5 Bf8
37.Ra1 h6 38.Ra3 Kh8 39.Rg3 e4 40.Rg6 Rb1+ 41.Kh2 Rbd1 42.Rxf6 Bd6+ 43.Nxd6 R1xd6
44.Rff7 Re8 45.g4 Kg8 46.Kg2 e3 47.f3 e2 48.Rg7+ Kh8 49.Rh7+ Kg8 50.Rcg7+ Kf8
51.Rh8+ Kxg7 52.Rxe8 Kf6 53.Rxe2 Ra6 54.Kg3 Ra3 55.Kf4 Ra5 56.Re4 Rb5 57.Ra4 Rb6
58.Ra7 Rb4+ 59.Kg3 Rb6 60.Rh7 Ke5 61.f4+ Ke4 62.Re7+  1-0

[Event "Platja d'Aro Barcino"]
[Site "Platja d'Aro"]
[Date "1994.??.??"]
[Round "?"]
[White "Cifuentes Parada, Roberto"]
[Black "Antunes, Antonio"]
[Result "0-1"]
[WhiteElo "2490"]
[BlackElo "2510"]

1.d4 d5 2.c4 c6 3.e3 Nf6 4.Nc3 e6 5.Nf3 Nbd7 6.Qc2 Bd6 7.g4 h6 8.Rg1 Qe7
9.Bd2 a6 10.O-O-O dxc4 11.e4 e5 12.Bxc4 b5 13.Bb3 Bb7 14.dxe5 Nxe5 15.Nxe5 Bxe5
16.f4 Bd4 17.e5 Nd5 18.Rge1 Nb4 19.Qf5 g6 20.Qf6 Nd3+ 21.Kb1 Qxf6 22.exf6+ Nxe1
23.Rxe1+ Kd8 24.Re7 Bc8 25.Ne4 Bxf6 26.Rxf7 Be7 27.Ba5+ Ke8 28.f5 gxf5 29.gxf5 Rf8
30.Rxe7+ Kxe7 31.Bb4+ Ke8 32.Nd6+ Kd7 33.Be6+ Kc7 34.Nxc8 Rfxc8 35.Bxc8 Kxc8
36.Kc2 Kd7 37.Bd2 h5 38.Bg5 Rg8 39.h4 Rxg5 40.hxg5  0-1

[Event "POL-ch"]
[Site "?"]
[Date "1994.??.??"]
[Round "4"]
[White "Murdzia, Piotr"]
[Black "Skalik, Przemyslaw"]
[Result "1/2-1/2"]
[WhiteElo "2435"]
[BlackElo "2365"]

1.d4 d5 2.c4 c6 3.Nc3 Nf6 4.Nf3 e6 5.e3 Nbd7 6.Qc2 Bd6 7.Be2 O-O 8.O-O Re8
9.Rd1 Qe7 10.h3 b6 11.e4 Nxe4 12.Nxe4 dxe4 13.Qxe4 Bb7 14.Bf4 Bxf4 15.Qxf4 c5
16.Qc7 Rab8 17.dxc5 Nxc5 18.Qxe7 Rxe7 19.Ne5 Rc8  1/2-1/2

[Event "POL-ch"]
[Site "?"]
[Date "1994.??.??"]
[Round "11"]
[White "Kempinski, Robert"]
[Black "Czerwonski, Aleksander"]
[Result "0-1"]
[WhiteElo "2385"]
[BlackElo "2395"]

1.d4 d5 2.Nf3 Nf6 3.c4 e6 4.Nc3 c6 5.e3 Nbd7 6.Qc2 Be7 7.g4 dxc4 8.Bxc4 b6
9.e4 h6 10.Rg1 Bb7 11.h4 b5 12.Bd3 b4 13.Na4 c5 14.g5 hxg5 15.hxg5 Nh5 16.Nxc5 Nxc5
17.dxc5 Qa5 18.c6 b3+ 19.Bd2 bxc2 20.Bxa5 Bxc6 21.Bxc2 Nf4 22.Bd2 Nh3 23.Rh1 O-O-O
24.Ne5 Bxg5 25.Ba5 Nf4 26.Rg1 Bb5 27.Nf3 Rd7 28.a4 Ba6 29.Ra3 Rh1  0-1

[Event "Wisla op (Women)"]
[Site "Poland"]
[Date "1994.??.??"]
[Round "?"]
[White "Bakalarz, Grazyna"]
[Black "Nowicki, Eva"]
[Result "1/2-1/2"]
[WhiteElo "2120"]
[BlackElo "2140"]

1.d4 d5 2.c4 c6 3.Nf3 Nf6 4.Nc3 e6 5.e3 Be7 6.Bd3 dxc4 7.Bxc4 b5 8.Bd3 Bb7
9.O-O a6 10.b3 Nbd7  1/2-1/2

[Event "Polanica Zdroj op"]
[Site "Polanica Zdroj"]
[Date "1994.??.??"]
[Round "?"]
[White "Ryskin, Alexander"]
[Black "Skalik, Przemyslaw"]
[Result "1/2-1/2"]
[WhiteElo "2500"]
[BlackElo "2365"]

1.d4 d5 2.c4 c6 3.Nc3 Nf6 4.e3 e6 5.Nf3 Nbd7 6.Bd3 dxc4 7.Bxc4 b5 8.Be2 a6
9.O-O Bb7 10.e4 b4 11.e5 bxc3 12.exf6 Nxf6 13.bxc3 Bd6 14.Qb3 Qc7 15.Ba3 O-O
16.Bxd6 Qxd6 17.Ne5 Rfb8 18.Bf3 Nd5 19.c4 Ne7 20.Rfd1 Bc8 21.Qc3 Bd7 22.Be4 Be8
23.c5 Qc7 24.Nc4 Qf4 25.Qd3 h6 26.g3 Qf6 27.Rab1 Rxb1 28.Rxb1 Rd8 29.Ne5 Nf5
30.Bxf5 exf5 31.Re1 Qe6 32.Qc4 Kf8 33.Qa4 Qc8 34.Qd1 Qe6 35.Qa4 Qc8 36.Rd1 f6
37.Nc4 Bh5 38.Rd3 f4 39.Nd6 Qh3 40.Qb3 Rxd6 41.gxf4 Qe6 42.cxd6 Qe1+ 43.Kg2 Be2
44.Qb8+ Kf7 45.Qb3+ Kf8 46.Qb8+ Kf7 47.Qb3+ Kf8  1/2-1/2

[Event "POR-chT"]
[Site "?"]
[Date "1994.??.??"]
[Round "?"]
[White "Damaso, Rui"]
[Black "Morais, Vitor"]
[Result "0-1"]
[WhiteElo "2435"]
[BlackElo "2130"]

1.Nf3 Nf6 2.d4 d5 3.c4 e6 4.Nc3 c6 5.e3 dxc4 6.Bxc4 b5 7.Bd3 a6 8.O-O c5
9.dxc5 Bxc5 10.Qe2 Nbd7 11.a3 Bb7 12.b4 Bd6 13.Bb2 O-O 14.Rad1 Qe7 15.e4 Ne5
16.Bb1 Nxf3+ 17.Qxf3 Be5 18.Qh3 Rfd8 19.Rde1 Rac8 20.f4 Bd4+ 21.Kh1 h6 22.e5 Nh7
23.Rd1 Nf8 24.Qg3 Ba8 25.Rd3 Ng6 26.Nd5 Bxd5 27.Rxd4 Nh4 28.Rg1 Nf5 29.Bxf5 exf5
30.Qd3 Be4 31.Qd1 Rxd4 32.Qxd4 Rc2 33.e6 fxe6 34.Qe5 Qb7 35.h3 Bxg2+ 36.Kh2 Bf1+
37.Kg3 Rg2+  0-1

[Event "POR-chT"]
[Site "?"]
[Date "1994.??.??"]
[Round "?"]
[White "Santos, Carlos P"]
[Black "Alexandre, Jorge"]
[Result "1-0"]
[WhiteElo "2300"]
[BlackElo "2305"]

1.d4 d5 2.c4 c6 3.Nf3 e6 4.Nc3 Nf6 5.e3 Bd6 6.Qc2 Nbd7 7.e4 Nxe4 8.Nxe4 dxe4
9.Qxe4 Nf6 10.Qh4 Qa5+ 11.Bd2 Qh5 12.Qxh5 Nxh5 13.O-O-O Bd7 14.Ne5 Nf6 15.Be2 Rc8
16.Bf3 b5 17.g4 bxc4 18.Nxc4 Bc7 19.Bb4 Nd5 20.Bc5 Rb8 21.Bxa7 Bf4+ 22.Kc2 Ra8
23.Bc5 Rxa2 24.Ra1 Rxa1 25.Rxa1 Kd8 26.Ra8+ Bc8 27.Bxd5 exd5 28.Nb6 Kc7 29.Nxc8 Rxc8
30.Ra7+ Kb8 31.Rxf7 Bxh2 32.Rxg7 Rc7 33.Rg5 Rf7 34.Rf5 Rg7 35.g5 Kc7 36.f4 Kb7
37.Bd6 Ka6 38.Rf8 Kb5 39.Be5 Rg6 40.Rb8+ Ka6 41.Rh8  1-0

[Event "Portoroz op"]
[Site "Portoroz"]
[Date "1994.??.??"]
[Round "?"]
[White "Tratar, Marko"]
[Black "Vospernik, Andrej"]
[Result "1-0"]
[WhiteElo "2380"]
[BlackElo "2200"]

1.d4 Nf6 2.Nf3 d5 3.c4 c6 4.Nc3 e6 5.e3 Be7 6.Qc2 Nbd7 7.b3 Qa5 8.Bd2 Qc7
9.Bd3 O-O 10.O-O e5 11.cxd5 cxd5 12.dxe5 Nxe5 13.Be2 Nfg4 14.g3 Be6 15.Nd4 Nf6
16.Rac1 Rfc8 17.Nxe6 fxe6 18.Qb2 Qb8 19.Rfd1 a6 20.Nxd5 Nxd5 21.Rxc8+ Qxc8
22.Qxe5 Bf6 23.Qe4 Nc3 24.Bxc3 Qxc3 25.Qxe6+ Kh8 26.Bf3 Rf8 27.Kg2 b5 28.Rd6 a5
29.Rc6 Qb4 30.Rc8 a4 31.bxa4 bxa4 32.Qb6 Qe7 33.Qb8 Rd8 34.Bc6 a3 35.Qa8 Rxc8
36.Qxc8+ Qd8 37.Qf5 g6 38.Qe4 Kg7 39.h4 Qe7 40.Qd5 Qe5 41.Qxe5 Bxe5 42.f4 Bd6
43.Kf3 Be7 44.e4 Kf7 45.e5 h5 46.Ba4 Bd8 47.Bd1 Ba5 48.g4 hxg4+ 49.Kxg4 Bd2
50.Bc2 Be3 51.Kg5  1-0